[Event "World-ch Tournament"]
[Site "Mexico City"]
[Date "2007.09.18"]
[Round "5"]
[White "Gelfand, Boris"]
[Black "Aronian, Levon"]
[Result "1-0"]
[WhiteElo "2733"]
[BlackElo "2750"]
[Annotator "Marin,M"]
[PlyCount "95"]
[EventDate "2007.09.13"]
[EventType "tourn"]
[EventRounds "14"]
[EventCountry "MEX"]
[EventCategory "21"]
[SourceTitle "CBM 120"]
[Source "ChessBase"]
[SourceDate "2007.10.02"]
[SourceVersion "1"]
[SourceVersionDate "2007.10.02"]
[SourceQuality "1"]

1. d4 Nf6 2. c4 e6 3. g3 c5 4. d5 exd5 5. cxd5 b5 {Aronian had some previous
experience with this slightly exotic continuation, in the spirit of the
Blumenfeld Gambit. In their rapid chess match earlier this year, Kramnik
played the unexpected 6.Nd2 and eventually emerged with a clear advantage
after a complicated sequence of moves. Generally, many players who do not play
the Benoni against other move orders prefer 5...d6 followed by ...g6 here,
because the fianchetto system is supposed to put Black under less pressure
than others. However, Aronian seems to be of a different opinion. In his
semi-final Candidates' match against Carlsen, he obtained one of his victories
with White precisely in the fianchetto Benoni...} 6. Nf3 $5 ({White almost
authomatically develops his bishop with} 6. Bg2 {, but Gelfand believes that
the bishop can be useful on the f1-a6 diagonal still.}) 6... d6 $146 ({This
natural move is a novelty. In the few previous games where White played 6.Nf3,
Black reacted with} 6... Bb7 {. White will most probably lose his d5-pawn, but
this will lead to positions similar to those arising from the 4.g3 Ba6 5.Qc2
Bb7 6.Bg2 c5 7.d5 variation. For the time being, there is no relevant
practical material available.} 7. e4 $5 {(Never played before)} (7. d6 Qb6 8.
Bf4 Nd5 $15 {Raedeker,B (2241)-Happel,H (2213)/Dresden 2007/CBM 117 ext (1/2-1/
2, 13)}) (7. Bg2 Bxd5 8. Nc3 Bc6 9. O-O Be7 10. Bf4 b4 11. Na4 d6 {Garcia
Martinez,F-Llames Prado,R/Asturias 1996/EXT 2001 (1/2-1/2, 27). and White has
no compensation for the pawn.}) 7... Nxe4 8. Bxb5 Qa5+ 9. Nfd2 Bxd5 (9... Nxd2
$2 10. Qe2+ Be7 11. Bxd2 $16) (9... Qxb5 10. Nxe4 $36 {[%cal Gb1c3,Gc1f4,Gd1h5]
}) (9... Nxg3 10. Rg1 $5 Nf5 11. Nc3 $32) 10. O-O Qxb5 11. Nxe4 Qc6 12. Nbc3
$44 Be6 13. f4 $5) 7. e4 $5 a6 {In case of the exchange of pawns, White would
develop very quickly, which would suit Gelfand's enterprising style quite well.
} (7... Nxe4 8. Bxb5+ Bd7 (8... Nd7 $2 9. Qe2 Qe7 10. O-O $18) 9. Bxd7+ Nxd7
10. O-O Be7 11. Re1 Nef6 12. Qe2 $5 Nxd5 13. Nc3 {(Golubev)} N7b6 14. Nxd5 Nxd5
15. Bg5 f6 16. Rad1 $16) 8. a4 b4 $2 {But this is a huge strategic concession.}
({Black should have played} 8... Nxe4 9. axb5 Be7 {in the spirit of one of the
main lines of the Blumenfeld Gambit: 1.d4 Nf6 2.c4 e6 3.Nf3 c5 4.d5 b5 5.Bg5
exd5 6.cxd5 d6 7.e4 a6 8.a4 Be7, threatening ...Nxe4. (For further details,
see also my survey on this line in CBM 118) In our position, it is hard for
White to justify the move g3.}) 9. Bd3 {Now that the c4-square has been
weakened, the bishop belongs on this diagonal. The relative weakness induced
by the move g3 does not put White in danger, but could restrict his active
possibilities at a later stage.} g6 10. Nbd2 Bg7 {In order to understand
better where we are, I would resort again to a comparison with a well-known
variation, this time from the Benoni: 1.d4 Nf6 2.c4 e6 3.Nf3 c5 4.d5 exd5 5.
cxd5 d6 6.Nc3 g6 7.Bf4 a6 8.e4 b5 9.Qe2 Be7 10.Qc2, followed by a4 (...b4)
Nb1-d2. This line developed mainly by Yakovich, puts Black under serious
pressure. In our position, Black does not need to lose 2 tempi (Bf8-g7) to
activate his bishop, but White saves even more time: the queen's knight's
jumps and the queen's chaotic moves. True, he has lost an additional tempo
with g3, but this still leaves him in a better situation than in the BI.} ({
If Black provokes the strategically desirable exchange of dark-squared bishops
with} 10... Bh6 {, he risks remaining far behind in development after} 11. Nc4
Bxc1 12. Qxc1 {followed by Qf4.}) 11. Nc4 O-O 12. Bf4 Ne8 13. a5 {The further
course of the game suggests that this generally desirable move should have
been delayed until after castling.} ({Gelfand might have disliked that after} 
13. O-O Bg4 {he does not have the possibility of chasing away the bishop with
h3 anymore (one drawback of the move g3).However, after} 14. Re1 {it would not
be easy for Black to complete his development. White could later play Be2 or
simply Qe2-e3 in order to get rid of the pin.}) 13... Bh3 14. Ng5 {The only
way to get castled, but the knight is awkwardly placed here.} Bd7 15. O-O Bb5
16. Qd2 h6 {Probably best. Black drives the enemy minor pieces away, which
helps him complete his development.} (16... Bxc4 $6 17. Bxc4 Nd7 $2 {fails to}
18. Ne6 $1 $16) ({However,} 16... Nd7 {seems to work out well tactically:} 17.
Nxd6 $6 Bxd3 (17... Nxd6 18. Bxd6 Bxd3 19. Bxf8 {leaves Black with an
unpleasant choice regarding which piece to misplace in order to capture the
bishop.}) 18. Qxd3 (18. Nxe8 Bxf1 19. Nxg7 Bb5 20. N7e6 fxe6 21. Nxe6 $44 {
offers White compensation for the sacrificed material, but Black is not
without chances either.}) 18... Nxd6 19. Bxd6 Qxg5 20. Bxf8 (20. f4 Qh5 21.
Bxf8 {is strongly met by the intermediate} Bd4+ $1) 20... Rxf8 21. f4 Qh5 {
[%cal Yg7d4]} (21... Bd4+ $2 22. Qxd4 $1 $18) 22. e5 Nxe5 $1 23. fxe5 Qxe5 $44)
(16... Nd7 {is best answered by} 17. Nf3 $1 {, taking the e5-square under
control and renewing the threat against the d6-pawn by removing the knight
from the vulnerable position. Besides, Black would not be able to drive the
f4-bishop away with h6 and g5.}) 17. Nf3 g5 18. Be3 {At the cost of weakening
his kingside, Black has managed to eliminate the annoying pressure against the
d6-pawn.} Bxc4 19. Bxc4 Qf6 {It is hard to say whether the final consequences
of this queen incursion favour Black or not.} ({The immediate} 19... Nd7 {
deserves attention. White would have no direct way of taking advantage of the
weakness of the enemy kingside, for instance:} 20. h4 $6 g4 21. Nh2 Ne5 22. Be2
Nf6 {and Black has little to complain about.}) 20. Qd1 Nd7 ({Aiming to
complete his development.} 20... Qxb2 {would be risky because of} 21. e5 {
, when chaos would be reigning in Black's army.}) 21. Rb1 Qe7 (21... Qd8 $5)
22. Nd2 {We can see that White's queen retreat to d1 has been useful by
clearing the d2-square for the knight, which casts some doubt over Aronian's ..
.Qf6.} Nef6 23. Re1 Rfe8 (23... Nxe4 $2 24. Nxe4 Qxe4 {[%csl Yc4]} 25. Bd3 $1
Qe7 (25... Qxd5 $2 26. Bh7+ $1 $18) 26. Bxc5 $16) 24. f3 {White has managed to
maintain his blockade on the light squares, but his pawn centre is not easy to
advance. In the meantime, Black has completed his development and could think
about ways to take advantage of the slight weakness of White's kingside.} Qd8
25. Ra1 g4 $5 ({Aronian hurries to give further meaning to the previous
advance of his g-pawn, but, with hindsight, his last move might be premature.
He could also have strengthened his position with} 25... Ne5 26. Be2 Qc8 {
followed by ...Ra7-e7, keeping the threat ...g4 in reserve.} 27. Kg2 Ra7 28. h3
Rae7 29. Nc4 Nxc4 30. Bxc4 Nxe4 31. fxe4 Rxe4 32. Qd3 (32. Qb3 Bxb2 33. Qxb2
Rxe3 34. Rxe3 Rxe3 35. Qf6 Qe8 36. Rf1 Rc3 $44) 32... Bxb2 $44) 26. fxg4 Ne5 $6
{After this move, White will manage to consolidate.} ({It is hard to say why
Aronian refrained from} 26... Nxe4 {, re-establishing the material equality
and maintaining sufficient initiative to compensate for the strategic
drawbacks of his position. White could try to maintain his material advantage
with} 27. Bxh6 $5 Nf2 $1 (27... Bd4+ $6 28. Kg2 Nf2 29. Qf3 $1 Ne5 30. Rxe5 $1
dxe5 (30... Rxe5 31. Rf1 $18) 31. Rf1 e4 32. Nxe4 Rxe4 33. Rxf2 Qe8 34. d6 $5
Bxf2 35. d7 Qe7 36. Bd3 Rd8 37. Bxe4 Bd4 38. Qf5 $40) (27... Bxh6 28. Nxe4 $14)
28. Kxf2 Bxh6 {leaves the white king more exposed than after the immediate
capture on h6, a detail that counts in variations such as} 29. Ne4 Bg7 30. Qd2
Nf6 31. Nxf6+ Qxf6+ {[%csl Yb2,Yf2]}) 27. Be2 Qd7 28. g5 Nfg4 29. Bf4 hxg5 30.
Bxg5 f5 31. Rf1 Rf8 32. exf5 Rxf5 33. Bf4 {White has the pair of bishops, a
safe position of his king and an extra-pawn. The relatively exposed b2-pawn
and Black's queenside majority cause the position to be not entirely clear yet,
but Aronian will fail to obtain adequate counterplay.} Nf6 34. g4 Rxf4 35. Rxf4
Nf7 36. Nc4 Re8 37. Qd3 Qe7 38. Bf3 Ne5 39. Nxe5 Qxe5 40. Rf5 Qxb2 41. Rf1 b3
42. Kh1 Nd7 43. Bd1 c4 44. Qxc4 Nc5 45. Qf4 Ne4 46. Rf7 Bf6 47. Rb7 Qd2 48.
Qxd2 1-0

[Event "Sochi FIDE GP"]
[Site "Sochi"]
[Date "2008.08.11"]
[Round "10"]
[White "Gelfand, Boris"]
[Black "Ivanchuk, Vassily"]
[Result "1-0"]
[WhiteElo "2720"]
[BlackElo "2781"]
[Annotator "Ftacnik,L"]
[PlyCount "75"]
[EventDate "2008.07.31"]
[EventType "tourn"]
[EventRounds "13"]
[EventCountry "RUS"]
[EventCategory "19"]
[SourceTitle "CBM 126"]
[Source "ChessBase"]
[SourceDate "2008.10.01"]
[SourceVersion "1"]
[SourceVersionDate "2008.10.01"]
[SourceQuality "1"]

1. Nf3 Nf6 2. c4 c5 3. Nc3 e6 4. g3 b6 5. Bg2 Bb7 6. O-O Be7 7. Re1 d6 8. e4 a6
9. d4 cxd4 10. Nxd4 Qc7 11. Be3 O-O 12. Rc1 Re8 13. f4 Bf8 14. f5 $1 h6 {
The greatest mystery of this game is the question, why has Ivanchuk decided to
defend the variation with such a dubious reputation? Black has always been
strugggling to cope with the direct onslaught against the e6-pawn. The move h6
does not seem to present a satisfactory solution.} 15. Rf1 Nbd7 16. fxe6 fxe6
17. Bh3 {Until this moment the play was very easy for Gelfand. The real
mastery will have to be displayed in breaking down the resistance of his
excellent opponent.} Qc5 (17... Qxc4 18. Nxe6 Nxe4 (18... Rxe6 19. b3 Qxf1+ 20.
Qxf1 Re7 21. Qc4+ Kh8 22. Rf1 $18) 19. Na4 Qxa2 20. Nxf8 Nxf8 21. Rc7 Rab8 (
21... Qd5 22. Qxd5+ Bxd5 23. Nxb6 $18) 22. Bd4 Re5 23. Bg2 $18) (17... Nc5 18.
b4 Ncxe4 19. Nxe4 Nxe4 20. Nxe6 Qe7 21. Bxb6 $18) 18. b4 $1 Qxc4 (18... Qxb4
19. Bxe6+ Kh8 20. Nd5 Qa3 (20... Nxd5 21. cxd5 Qa3 22. Qe2 Nc5 23. Rf7 $16) 21.
Bf4 Bxd5 22. exd5 Qxa2 23. Bf5 $16) 19. Nd5 Qxa2 $6 {The optimal choice
between miserable options is a difficult task even for super grandmasters.
Probably the best was to eliminate most pieces in the centre and accept a
difficult ending.} (19... Bxd5 20. exd5 (20. Rxc4 Bxc4 21. Qc2 Bxf1 22. Kxf1
Kh8 (22... e5 23. Qb3+ Kh8 24. Nf5 Rec8 25. Qf7 $18) 23. Bxe6 $16) 20... Qxd5
21. Nxe6 Qxa2 (21... Qxd1 22. Rcxd1 d5 23. Bd4 Rab8 24. Nxf8 Rxf8 25. Be6+ Kh8
26. Rc1 Rfe8 27. Rc6 $16) 22. Bd4 Rxe6 23. Rc2 Qd5 (23... Qb3 24. Re2 $1) 24.
Bxf6 Qxd1 25. Bxe6+ Kh7 26. Rxd1 Nxf6 27. Rc6 $16) (19... exd5 20. Rxc4 dxc4
21. Be6+ Kh8 22. Bxd7 Nxd7 23. Rf7 Re7 24. Rxe7 Bxe7 25. Nf5 Bf8 26. Nxd6 $18)
20. Rf2 Qxf2+ (20... Qa3 21. Rc3 Nxe4 22. Rxf8+ Nxf8 23. Rxa3 Bxd5 24. Nf5 $18)
21. Bxf2 exd5 22. Bxd7 {[%mdl 128] Gelfand probably began to see the contours
of the special solution with the sacrifice of the knight on the h6-square. A
conservative win was at hand without giving up the precious light-squared
bishop.} (22. Rc7 $1 Bc8 23. Be6+ Kh8 24. exd5 $18) 22... Nxd7 23. Rc7 Bc8 24.
Nf5 $1 (24. Qh5 Nf6 (24... Re5 25. Nf5 dxe4 26. Qg6 $18) 25. Qf7+ Kh8 26. Be3
Bd7 27. Bxh6 Rxe4 28. Nf5 $18) (24. Nc6 Nf6 25. exd5 Bg4 $14) 24... Ne5 (24...
Nf6 25. Bd4 Bxf5 26. exf5 $18) 25. Qh5 $6 {The move in the game is very
unpleasant for the defender, but objectively it was better to leap with a
trojan horse to e7.} (25. Ne7+ $1 Bxe7 (25... Kh8 26. Qxd5 $18) 26. Qxd5+ Be6
27. Qxe6+ Kf8 28. Bxb6 Rab8 29. Rxe7 Rxe7 30. Qxd6 Rbe8 31. Bd8 $18) 25... Re6
(25... Be6 26. Bd4 Bxf5 (26... dxe4 27. Nxh6+ gxh6 28. Bxe5 dxe5 29. Qg6+ Kh8
30. Rh7#) (26... Rec8 27. Rxc8 Rxc8 28. Nxh6+ gxh6 29. Bxe5 Rc1+ 30. Kf2 dxe5
31. Qg6+ Kh8 32. Qxe6 $18) 27. exf5 Re7 28. Rxe7 Bxe7 29. Qd1 $16) 26. Bd4 Rf6
27. Bxe5 dxe5 28. Nxh6+ $1 {The witty combination is combining two problems
that can not be remedied - the vulnerability of the 7th rank and the threat of
finishing the fight after the check on the d5-square.} gxh6 (28... Rxh6 29.
Qf7+ Kh7 30. Qxf8 $18) 29. Qxe5 Rd6 (29... Bg7 30. Qxd5+ $18) 30. Qh5 Bd7 31.
e5 Be8 32. Qf3 Rdd8 (32... Rc6 33. Qxd5+ Kh8 34. Rxc6 Bxc6 35. Qxc6 $18) 33.
Qf5 Bg7 34. Qg4 Bf7 35. e6 {This position was in Gelfand's mind; the battle is
over.} Rf8 36. Rxf7 Rxf7 37. exf7+ Kxf7 38. Qd7+ (38. Qd7+ Kf8 39. Qd6+ $18)
1-0

[Event "Moscow Tal Memorial 4th"]
[Site "Moscow"]
[Date "2009.11.11"]
[Round "6"]
[White "Gelfand, Boris"]
[Black "Aronian, Levon"]
[Result "1-0"]
[WhiteElo "2758"]
[BlackElo "2786"]
[Annotator "Krasenkow,M"]
[PlyCount "131"]
[EventDate "2009.11.05"]
[EventType "tourn"]
[EventRounds "9"]
[EventCountry "RUS"]
[EventCategory "21"]
[SourceTitle "CBM 133"]
[Source "ChessBase"]
[SourceDate "2009.11.19"]
[SourceVersion "1"]
[SourceVersionDate "2009.11.19"]
[SourceQuality "1"]

1. d4 d5 2. c4 c6 3. Nf3 Nf6 4. Nc3 e6 5. e3 Nbd7 6. Bd3 dxc4 7. Bxc4 b5 8. Bd3
Bb7 9. e4 b4 10. Na4 c5 11. e5 Nd5 12. dxc5 Nxc5 13. Nxc5 Bxc5 14. O-O h6 15.
Nd2 O-O $6 (15... Qc7) (15... Nc3 {are probably better alternatives.}) 16. Ne4
Bd4 17. Nd6 Bc6 18. Bh7+ $1 Kxh7 19. Qxd4 f6 20. Bd2 fxe5 21. Qe4+ $1 Kg8 22.
Qxe5 Qd7 {This old line was examined by GM Ch.Lutz in CBM 96 (annotations to
Radjabov-Shirov and V.Milov - Nielsen). The overall verdict (White keeps an
opening advantage) remains untouched.} 23. Rac1 $1 (23. Rfe1 $143 Rad8 24. Ne4
(24. Nc4 Nb6 25. Nxb6 Qxd2 26. Qxe6+ Kh8 27. Qxc6 Qxf2+ 28. Kh1 axb6 $11 {
0-1 Radjabov,T (2644)-Shirov,A (2735)/Sarajevo 2003/CBM 096/[Lutz] (51)}) (24.
Qxe6+ Qxe6 25. Rxe6 Nc7 (25... Nf4 $44) 26. Rg6 Kh7 27. Rg4 Rxd6 28. Bxb4 Rfd8
29. Bxd6 Rxd6 $132 {Kasimdzhanov,R}) 24... Rf5 25. Qg3 (25. Qd4 $6 Nf4 $1 26.
Qxd7 Rxd7 27. Bxf4 Rxf4 28. Nc5 (28. Ng3 Rd2 29. Re2 Rxe2 30. Nxe2 Re4 31. Ng3
Rc4 $17 {0-1 Le Quang,K (2315)-Werner,D (2315)/Budapest 2006/CBM 113 ext (76)})
(28. f3 $142 Bxe4 29. Rxe4 Rxe4 30. fxe4 Rd4 31. Rc1) 28... Rd2 29. f3 Rc4 30.
Rec1 Rxc1+ 31. Rxc1 Bd5 $17 {0-1 Milov,V (2574)-Nielsen,P (2625)/Istanbul 2003/
CBM 096/[Lutz] (37)}) 25... Nf6 26. Nxf6+ Rxf6 27. Bxb4 Kh7 28. Qc3 Rg6 {
1/2 Tukmakov,V (2565)-Dreev,A (2570)/Odessa 1989/URS-ch}) (23. b3 Rad8 24. Nc4
Rf5 25. Qe1 Bb5 26. f4 Nb6 27. Bxb4 Nxc4 28. bxc4 Bxc4 $11 {1/2 Mikhalchishin,
A (2538)-Maksimenko,A (2517)/Murska Sobota 2006/EXT 2008 (34)}) 23... Rad8 24.
Nc4 Rf5 $2 $146 {This "new" move just loses a pawn.} (24... Nb6 $6 25. Bxb4
Nxc4 26. Rxc4 Qd5 27. Qxd5 Bxd5 28. Rc3 Rf7 29. a3 $16 {1-0 Bruzon Bautista,L 
(2602)-Dominguez,L (2612)/Havana 2004/CBM 100 ext (61)}) (24... Ba8 25. Qg3 Rf6
26. Ne5 Qe8 27. Rc4 a5 28. Rg4 Qf8 29. Qh4 $1 (29. Rd4 Nf4 30. Rxf4 Rxd2 31.
Rxf6 Qxf6 32. Rc1 Qd8 33. h4 Rd1+ 34. Rxd1 Qxd1+ 35. Kh2 Qc2 36. Qf4 Qe4 $11 {
1-0 Vaganian,R (2623)-Johannessen,L (2495)/Germany 2003/EXT 2004 (53)}) 29...
Ne7 30. Bxh6 Nf5 31. Bxg7 Nxg7 (31... Nxh4 32. Bxf6+ Ng6 33. Rxg6+ Kh7 34. Rc1
$1 $18 {1-0 Quezada,Y (2502)-Fernandez,E (2219)/Manicaragua 2005/Inf 93/
[Quezada,Y] (38)}) 32. Ng6 Rxg6 33. Rxg6 $18 {Camacho,G (2322)-Corrales,F 
(2501)/Cuba (rapid) 2005/Inf 93}) (24... Bb5 {is the relatively best:} 25. b3
a5 (25... Rf6 $5 $14) 26. Rfe1 Rf6 27. Qg3 Ne7 28. Bf4 Rg6 29. Qh3 Nd5 30. Be5
$14 {1-0 Vaganian,R (2653)-Klimov,S (2507)/Togliatti 2003/CBM 094 ext (58)})
25. Qg3 {[%cal Rc4e5,Rd2h6]} Nf6 26. Bxh6 Ne4 27. Qg4 Nf6 28. Qg6 Qe7 (28...
Rh5 $142) 29. Bg5 (29. Ne3 Be8 (29... Rh5 30. Qxg7+ Qxg7 31. Bxg7 Kxg7 32. Rxc6
) 30. Nxf5 exf5 31. Qg5 Kf8 (31... Kh7 32. Qe3) 32. Rfe1 gxh6 33. Qxh6+ Qg7 34.
Qh4 {leads to a completely winning position but White prefers a simpler course.
}) 29... Be8 30. Bxf6 Qxf6 (30... Rxf6 31. Qg5 $18) 31. Qxf6 gxf6 {[%mdl 4096]
The endgame with an extra pawn is technically winning for White.} 32. Rfd1
Rxd1+ 33. Rxd1 Rc5 34. b3 Bb5 35. Ne3 f5 36. f4 Kf7 37. Kf2 a5 38. Rd8 $2 {
Allowing strong counterplay. It was better to start advancing the kingside
pawns:} (38. h4 {or}) (38. h3 {[%cal Yg2g4]}) 38... Rc1 39. Rb8 ({According to
GM Boris Gelfand, he had missed} 39. Ra8 a4 $1 40. bxa4 (40. Rb8 Bc6 41. Rxb4
Ra1 $1) 40... Ra1 41. axb5 b3 $1 {and White's win is under doubt.}) 39... Bd3
$6 (39... Be8 $1 {[%cal Rc1a1] created serious (perhaps too serious to
overcome) technical problems for White. If} 40. Nc4 {then} Rc2+ 41. Kg3 Ke7 (
41... Rxa2 $5 {is possible, too:} 42. Nd6+ Ke7 43. Nxe8 Rb2 44. Nc7 Rxb3+ 45.
Kh4 Rb2 46. Kh3 Kd6 $1 47. Na6 (47. Nb5+ Kc5) 47... Kc6 $1 {and Black's strong
queenside pawns compensate for White's poorly placed knight.}) 42. Nxa5 (42.
Rb7+ Kf6 43. Ra7 a4) 42... Rxa2 43. Ra8 (43. Nc4 Bc6) 43... Kf7 {[%cal Ye8b5]
and White can't win.}) 40. Rb7+ Kf6 $6 {The black king now comes under attack.}
(40... Kg6 41. Rd7 $1 Bb1 (41... Be4 42. Ra7 Rb1 $140 43. Nc4) 42. Rd2 {
[%cal Re3c4]}) (40... Ke8 $142 $1 {probably forcing} 41. Ra7 Rb1 42. Rxa5 Rb2+
43. Kg3 Be4 44. h3 Re2 45. Nc4 Rxg2+ 46. Kh4 Kd7 {and it is still difficult
for White to win.}) 41. Ra7 Rb1 42. g4 $1 {[%mdl 192]} (42. Rxa5 $2 Rb2+ 43.
Kg3 Be4 $132 {[%cal Rb2e2]}) 42... fxg4 (42... Rb2+ 43. Kg3 Rxa2 (43... fxg4
44. Nxg4+ Kf5 45. Rxa5+ $18) 44. g5+ Kg6 45. Ng2 $1 $18 {[%cal Rg2h4] B.Gelfand
}) 43. Nxg4+ Kf5 44. Ne5 $18 {[%csl Rd3,Rf5] A curious example of domination!}
Ke4 (44... Bc2 45. Ke3 {[%cal Ra7f7]} Re1+ 46. Kd2 $18) (44... Bf1 45. Kf3 $18)
(44... Bb5 45. Rxa5 $18) 45. Nxd3 Kxd3 46. Rxa5 Ke4 47. Re5+ Kxf4 48. Rxe6 Rh1
49. Kg2 Rc1 50. Re2 Rc3 51. Kf2 Rc1 52. Rd2 Ke4 53. Kg3 Rc8 54. h4 Ke5 55. Re2+
Kf5 56. Rf2+ Kg6 57. Rf4 Rc2 58. Rxb4 Rxa2 59. Rb5 Rd2 60. h5+ Kf6 61. h6 Rd7
62. Rh5 Rh7 63. Kf4 Kg6 64. Rh3 Kf6 65. Ke4 Ke6 66. Kd4 1-0

[Event "Bazna Kings 4th"]
[Site "Medias"]
[Date "2010.06.19"]
[Round "5"]
[White "Gelfand, Boris"]
[Black "Ponomariov, Ruslan"]
[Result "1-0"]
[WhiteElo "2741"]
[BlackElo "2733"]
[Annotator "Rogozenco,D"]
[PlyCount "75"]
[EventDate "2010.06.14"]
[EventType "tourn"]
[EventRounds "10"]
[EventCountry "ROU"]
[EventCategory "20"]
[SourceTitle "CBM 137"]
[Source "ChessBase"]
[SourceDate "2010.07.15"]
[SourceVersion "1"]
[SourceVersionDate "2010.07.15"]
[SourceQuality "1"]

1. Nf3 d5 2. d4 Nf6 3. c4 e6 4. Nc3 Bb4 5. Bg5 h6 6. Bxf6 Qxf6 7. e3 c5 8. cxd5
exd5 9. Be2 {This quiet move caught Ponomariov by surprise. More often White
plays 9.Rc1 or 9.Bb5+.} cxd4 {Already this might be inaccurate.} (9... Nc6 {
leaves Black with better chances to equalize.}) 10. Qxd4 Qxd4 ({After the game
Ponomariov suggested} 10... Bxc3+ 11. bxc3 Nc6 12. Qxf6 gxf6 {as a possible
improvement for Black. White is slightly better, but it is hard for him to use
Black's pawn weaknesses.}) 11. Nxd4 Bxc3+ 12. bxc3 Ke7 13. Bf3 Rd8 14. Rb1 $1 {
White has an advantage, as it is more difficult for Black to complete
development as it may seem at the beginning. Notice that White already
threatens to win a pawn with 15.Rb5. Probably Black should play here 14...Na6,
which was actually met in one game before, although after 15.Ke2 Black still
must struggle for a draw.} b6 $2 {An unfortunate novelty.} 15. c4 $1 Bb7 16.
Rd1 Kf8 17. cxd5 Nd7 ({Loses a piece after} 17... Bxd5 18. Nf5 {(most other
moves of the knight also win a piece).}) 18. e4 Rac8 19. Be2 Nc5 20. f3 {
White is a pawn up and what a pawn - the passer on d5! The rest is a matter of
pure technique, especially for such a high-class player like Gelfand.} Na4 21.
Kf2 Nc3 22. Rd2 Nxe2 23. Kxe2 Rc4 24. Ke3 g6 25. Rb1 Rdc8 26. Nb5 Ra4 27. Rbb2
Ke7 28. Rdc2 Ra5 29. Nd4 Kd6 30. Kf4 Rxc2 31. Rxc2 f5 32. h4 fxe4 33. fxe4 a6
34. h5 Ra4 35. Rd2 gxh5 36. Nf5+ Kd7 37. Ke5 b5 38. Nd6 1-0